|
|
|
|
| LEADER |
00875cam a2200241 7i4500 |
| 001 |
0000037840 |
| 005 |
20170218090000.0 |
| 008 |
110406 eng |
| 020 |
|
|
|a 157990663x (pbk.)
|
| 020 |
|
|
|a 9781579906634
|
| 040 |
|
|
|a DLC
|
| 090 |
0 |
0 |
|a TR267
|b .D66 2006
|
| 100 |
1 |
|
|a Davies, Paul Harcourt
|
| 245 |
1 |
0 |
|a Digital photography Q & A :
|b great tips & hints from a top pro
|c Paul Harcourt Davies.
|
| 246 |
3 |
|
|a Digital photography question and answer.
|
| 260 |
|
|
|a New York:
|b Lark Books,
|c 2006.
|
| 300 |
|
|
|a 144 p.:
|b col. ill.;
|c 27 cm.
|
| 490 |
0 |
|
|a A Lark photography book
|
| 500 |
|
|
|a Includes index
|
| 650 |
0 |
0 |
|a Photography --
|x Digital techniques
|
| 997 |
|
|
|a Communication, Visual Art & Computing, Faculty
|b Visual Art, Department
|
| 998 |
|
|
|a Photographic Technology, Diploma
|
| 999 |
|
|
|a 0000044366
|b BOK
|c OPEN SHELF
|e 2nd Floor, Bestari Jaya
|